ICW World Heavyweight Champions - Statistics

General Stats
  • This quiz has been taken 18 times
    4 since last reset
  • The average score is 7 of 21
Answer Stats
Title Reigns Last Won Champion % Correct
2 2014 Drew Galloway
100%
1 2015 Grado
100%
2 2017 Joe Coffey
67%
1 2024 Kenny Williams
67%
1 2022 Leyton Buzzard
67%
1 2018 Lionheart
67%
2 2019 Stevie Boy
67%
1 2016 Wolfgang
67%
1 2016 Big Damo
33%
3 2017 BT Gunn
33%
1 2016 Chris Renfrew
33%
2 2023 Jack Jester
33%
1 2023 Aaron Echo
0%
2 2010 Darkside
0%
1 2018 DCT
0%
2 2021 Jackie Polo
0%
1 2021 Kez Evans
0%
1 2013 Mikey Whiplash
0%
1 2020 Noam Dar
0%
1 2012 Red Lightning
0%
1 2017 Trent Seven
0%
No matching quizzes found
Score Distribution
Percent of People with Each Score
Percentile by Number Answered
Your Score History
You have not taken this quiz since the last reset